| 000 | 00969cam a2200265 i 4500 | ||
|---|---|---|---|
| 001 | 20142993 | ||
| 003 | OSt | ||
| 005 | 20250821130342.0 | ||
| 008 | 171115t20182018caua b 001 0 eng | ||
| 020 |
_a9781526402721 (Paperback) _cUSD 39.00 |
||
| 040 |
_aDLC _beng _cNUST _erda _dNUST |
||
| 050 | 0 | 0 | _aLC213 SMI |
| 100 | 1 |
_aSmith, Emma _c(Professor), _eAuthor. |
|
| 245 | 1 | 0 |
_aKey issues in education and social justice / _cEmma Smith. |
| 250 | _aSecond edition. | ||
| 260 |
_aLos Angels : _aLondon : _aNew Delhi : _aSingapore : _aWashington DC : _aMelbourne : _bSAGE, _c©2016. |
||
| 300 |
_axiii, 243 pages : _billustrations ; _c24 cm. |
||
| 336 |
_atext _btxt _2rdacontent |
||
| 337 |
_aunmediated _bn _2rdamedia |
||
| 338 |
_avolume _bnc _2rdacarrier |
||
| 504 | _aIncludes bibliographical references and index. | ||
| 650 | 0 | _aEducational equalization. | |
| 650 | 0 |
_aEducation _xSocial aspects. |
|
| 942 |
_2lcc _cBOOKS _eSecond edition _hLC213 SMI _kLC _mSMI _n0 |
||
| 999 |
_c172281 _d172281 |
||